[Event "DVM U10 2023"]
[Site "Magdeburg GER"]
[Date "2023.12.27"]
[Round "2"]
[White "Trunz, Daniel"]
[Black "Optendrenk, Frederik"]
[Result "0-1"]
[Termination "normal"]
[Board "13.3"]
[WhiteElo "1098"]
[BlackElo "861"]
[WhiteClock "00:15:02"]
[BlackClock "00:40:57"]
[WhiteTeam "SG Porz"]
[BlackTeam "Schachfüchse Kempen 1986"]
[PlyCount "62"]
[WhiteFideId "34640797"]
[EventCountry "GER"]
[EventRounds "7"]
[EventType "team-swiss"]
[EventDate "2023.12.27"]

1. e4 {[%clk 00:55:07]} {[%emt 00:00:03]} e5 {[%clk 00:55:03]} {[%emt
00:00:09]} 2. Nf3 {[%clk 00:55:06]} {[%emt 00:00:04]} Nc6 {[%clk 00:55:04]}
{[%emt 00:00:05]} 3. d4 {[%clk 00:54:36]} {[%emt 00:00:35]} exd4 {[%clk
00:55:04]} {[%emt 00:00:05]} 4. Bc4 {[%clk 00:54:23]} {[%emt 00:00:17]} Nf6
{[%clk 00:55:02]} {[%emt 00:00:07]} 5. c3 {[%clk 00:53:39]} {[%emt 00:00:49]}
Nxe4 {[%clk 00:54:40]} {[%emt 00:00:28]} 6. cxd4 {[%clk 00:53:09]} {[%emt
00:00:35]} Bb4+ {[%clk 00:54:39]} {[%emt 00:00:06]} 7. Bd2 {[%clk 00:51:56]}
{[%emt 00:01:18]} Nxd2 {[%clk 00:54:31]} {[%emt 00:00:13]} 8. Nbxd2 {[%clk
00:51:17]} {[%emt 00:00:43]} O-O {[%clk 00:54:18]} {[%emt 00:00:19]} 9. O-O
{[%clk 00:50:22]} {[%emt 00:00:59]} d5 {[%clk 00:54:14]} {[%emt 00:00:09]} 10.
Bb5 {[%clk 00:49:24]} {[%emt 00:01:04]} Bxd2 {[%clk 00:53:27]} {[%emt
00:00:52]} 11. Qxd2 {[%clk 00:48:50]} {[%emt 00:00:39]} Bg4 {[%clk 00:53:16]}
{[%emt 00:00:16]} 12. Ne5 {[%clk 00:47:20]} {[%emt 00:01:34]} Nxe5 {[%clk
00:52:58]} {[%emt 00:00:24]} 13. dxe5 {[%clk 00:46:37]} {[%emt 00:00:48]} c6
{[%clk 00:52:53]} {[%emt 00:00:10]} 14. Qf4 {[%clk 00:45:20]} {[%emt 00:01:21]}
Bh5 {[%clk 00:52:19]} {[%emt 00:00:39]} 15. Bd3 {[%clk 00:43:18]} {[%emt
00:02:04]} Re8 {[%clk 00:51:31]} {[%emt 00:00:56]} 16. Rfe1 {[%clk 00:41:21]}
{[%emt 00:02:03]} Qc7 {[%clk 00:51:20]} {[%emt 00:00:16]} 17. Re3 {[%clk
00:37:41]} {[%emt 00:03:44]} Re6 {[%clk 00:51:09]} {[%emt 00:00:16]} 18. Rae1
{[%clk 00:34:07]} {[%emt 00:03:40]} Rae8 {[%clk 00:50:59]} {[%emt 00:00:15]}
19. Qg5 {[%clk 00:31:52]} {[%emt 00:02:19]} Bg6 {[%clk 00:50:45]} {[%emt
00:00:20]} 20. Bf5 {[%clk 00:29:03]} {[%emt 00:02:54]} Bxf5 {[%clk 00:49:17]}
{[%emt 00:01:33]} 21. Qxf5 {[%clk 00:28:35]} {[%emt 00:00:32]} Qb6 {[%clk
00:48:38]} {[%emt 00:00:45]} 22. Rh3 {[%clk 00:26:03]} {[%emt 00:02:37]} h6
{[%clk 00:47:26]} {[%emt 00:01:17]} 23. Rg3 {[%clk 00:23:26]} {[%emt 00:02:42]}
Qxb2 {[%clk 00:45:33]} {[%emt 00:01:58]} 24. Qg4 {[%clk 00:22:45]} {[%emt
00:00:46]} Rg6 {[%clk 00:45:28]} {[%emt 00:00:10]} 25. Qd7 {[%clk 00:21:31]}
{[%emt 00:01:19]} Rxe5 {[%clk 00:44:37]} {[%emt 00:00:55]} 26. Rf1 {[%clk
00:20:16]} {[%emt 00:01:18]} Re2 {[%clk 00:42:10]} {[%emt 00:02:35]} 27. Qd8+
{[%clk 00:17:30]} {[%emt 00:02:52]} Kh7 {[%clk 00:42:02]} {[%emt 00:00:12]} 28.
Qf8 {[%clk 00:16:19]} {[%emt 00:01:16]} Rxg3 {[%clk 00:41:34]} {[%emt
00:00:32]} 29. fxg3 {[%clk 00:15:40]} {[%emt 00:00:44]} Rxg2+ {[%clk 00:41:13]}
{[%emt 00:00:26]} 30. Kh1 {[%clk 00:15:10]} {[%emt 00:00:34]} Rxh2+ {[%clk
00:41:09]} {[%emt 00:00:10]} 31. Kg1 {[%clk 00:15:02]} {[%emt 00:00:14]} Qg2#
{[%clk 00:40:57]} {[%emt 00:00:11]} 0-1

[Event "DVM U10 2023"]
[Site "Magdeburg GER"]
[Date "2023.12.27"]
[Round "2"]
[White "Datta, Satadru"]
[Black "Döscher, Nayla"]
[Result "1/2-1/2"]
[Termination "normal"]
[Board "14.2"]
[WhiteElo "1134"]
[BlackElo "1263"]
[WhiteClock "00:11:14"]
[BlackClock "00:20:54"]
[WhiteTeam "USV Potsdam"]
[BlackTeam "SK Bremen-Nord"]
[PlyCount "96"]
[WhiteFideId "34637931"]
[BlackFideId "34625046"]
[EventCountry "GER"]
[EventRounds "7"]
[EventType "team-swiss"]
[EventDate "2023.12.27"]

1. e4 {[%clk 00:55:08]} {[%emt 00:00:02]} e5 {[%clk 00:55:03]} {[%emt
00:00:08]} 2. Nf3 {[%clk 00:55:01]} {[%emt 00:00:12]} Nc6 {[%clk 00:54:59]}
{[%emt 00:00:09]} 3. Bc4 {[%clk 00:54:53]} {[%emt 00:00:12]} h6 {[%clk
00:54:52]} {[%emt 00:00:13]} 4. d3 {[%clk 00:54:30]} {[%emt 00:00:27]} Nf6
{[%clk 00:54:41]} {[%emt 00:00:17]} 5. Nc3 {[%clk 00:54:09]} {[%emt 00:00:26]}
Bb4 {[%clk 00:54:27]} {[%emt 00:00:19]} 6. Bd2 {[%clk 00:53:31]} {[%emt
00:00:43]} d6 {[%clk 00:54:22]} {[%emt 00:00:09]} 7. h3 {[%clk 00:53:19]}
{[%emt 00:00:18]} Be6 {[%clk 00:54:15]} {[%emt 00:00:12]} 8. Bb3 {[%clk
00:52:17]} {[%emt 00:01:06]} O-O {[%clk 00:53:51]} {[%emt 00:00:29]} 9. O-O
{[%clk 00:51:40]} {[%emt 00:00:43]} Na5 {[%clk 00:50:59]} {[%emt 00:02:47]} 10.
a3 {[%clk 00:51:13]} {[%emt 00:00:41]} Nxb3 {[%clk 00:50:29]} {[%emt 00:00:36]}
11. cxb3 {[%clk 00:50:54]} {[%emt 00:00:23]} Ba5 {[%clk 00:49:55]} {[%emt
00:00:36]} 12. b4 {[%clk 00:50:20]} {[%emt 00:00:42]} Bb6 {[%clk 00:49:49]}
{[%emt 00:00:10]} 13. Re1 {[%clk 00:49:19]} {[%emt 00:01:08]} Nd7 {[%clk
00:48:00]} {[%emt 00:01:53]} 14. Na4 {[%clk 00:48:52]} {[%emt 00:00:29]} c5
{[%clk 00:46:39]} {[%emt 00:01:29]} 15. Nxb6 {[%clk 00:47:39]} {[%emt
00:01:19]} Qxb6 {[%clk 00:46:32]} {[%emt 00:00:12]} 16. Be3 {[%clk 00:47:10]}
{[%emt 00:00:34]} a5 {[%clk 00:45:05]} {[%emt 00:01:32]} 17. bxc5 {[%clk
00:45:50]} {[%emt 00:01:25]} dxc5 {[%clk 00:43:41]} {[%emt 00:01:28]} 18. Qc2
{[%clk 00:45:37]} {[%emt 00:00:16]} Rac8 {[%clk 00:42:58]} {[%emt 00:00:51]}
19. Rec1 {[%clk 00:44:54]} {[%emt 00:00:46]} Bb3 {[%clk 00:42:12]} {[%emt
00:00:53]} 20. Qc3 {[%clk 00:44:15]} {[%emt 00:00:39]} Rfe8 {[%clk 00:40:05]}
{[%emt 00:02:16]} 21. a4 {[%clk 00:41:47]} {[%emt 00:02:32]} Qb4 {[%clk
00:38:57]} {[%emt 00:01:11]} 22. Qxb4 {[%clk 00:40:59]} {[%emt 00:00:56]} cxb4
{[%clk 00:38:25]} {[%emt 00:00:38]} 23. Nh4 {[%clk 00:38:59]} {[%emt 00:02:02]}
Nf8 {[%clk 00:36:56]} {[%emt 00:01:37]} 24. Nf5 {[%clk 00:35:50]} {[%emt
00:03:11]} Ne6 {[%clk 00:35:32]} {[%emt 00:01:26]} 25. Nd6 {[%clk 00:34:38]}
{[%emt 00:01:17]} Rxc1+ {[%clk 00:35:27]} {[%emt 00:00:16]} 26. Rxc1 {[%clk
00:34:00]} {[%emt 00:00:41]} Rd8 {[%clk 00:35:06]} {[%emt 00:00:25]} 27. Nxb7
{[%clk 00:32:49]} {[%emt 00:01:18]} Rxd3 {[%clk 00:35:00]} {[%emt 00:00:13]}
28. Nxa5 {[%clk 00:32:25]} {[%emt 00:00:26]} Bxa4 {[%clk 00:34:47]} {[%emt
00:00:20]} 29. Rc4 {[%clk 00:30:48]} {[%emt 00:01:38]} Nd4 {[%clk 00:29:46]}
{[%emt 00:05:10]} 30. Rxb4 {[%clk 00:29:25]} {[%emt 00:01:26]} Bd7 {[%clk
00:27:52]} {[%emt 00:01:51]} 31. Bxd4 {[%clk 00:27:21]} {[%emt 00:02:17]} Rxd4
{[%clk 00:27:05]} {[%emt 00:00:54]} 32. Rxd4 {[%clk 00:27:12]} {[%emt
00:00:13]} exd4 {[%clk 00:27:03]} {[%emt 00:00:08]} 33. Kf1 {[%clk 00:26:57]}
{[%emt 00:00:20]} Kf8 {[%clk 00:26:48]} {[%emt 00:00:19]} 34. Ke2 {[%clk
00:26:54]} {[%emt 00:00:08]} Bb5+ {[%clk 00:26:37]} {[%emt 00:00:16]} 35. Kd2
{[%clk 00:26:13]} {[%emt 00:00:44]} Ke7 {[%clk 00:26:36]} {[%emt 00:00:09]} 36.
Nb3 {[%clk 00:25:39]} {[%emt 00:00:34]} Bf1 {[%clk 00:25:53]} {[%emt 00:00:52]}
37. Nxd4 {[%clk 00:24:58]} {[%emt 00:00:47]} Bxg2 {[%clk 00:25:50]} {[%emt
00:00:08]} 38. Nf5+ {[%clk 00:23:04]} {[%emt 00:01:58]} Kf6 {[%clk 00:25:29]}
{[%emt 00:00:27]} 39. Ng3 {[%clk 00:22:48]} {[%emt 00:00:18]} Bxh3 {[%clk
00:25:22]} {[%emt 00:00:15]} 40. Kd3 {[%clk 00:21:50]} {[%emt 00:00:54]} Ke5
{[%clk 00:24:50]} {[%emt 00:00:46]} 41. Ke3 {[%clk 00:21:23]} {[%emt 00:00:30]}
g6 {[%clk 00:24:24]} {[%emt 00:00:32]} 42. f4+ {[%clk 00:20:24]} {[%emt
00:01:03]} Ke6 {[%clk 00:23:45]} {[%emt 00:00:44]} 43. b4 {[%clk 00:19:52]}
{[%emt 00:00:37]} Kd6 {[%clk 00:23:17]} {[%emt 00:00:35]} 44. Kd4 {[%clk
00:19:37]} {[%emt 00:00:16]} Bd7 {[%clk 00:22:25]} {[%emt 00:01:01]} 45. e5+
{[%clk 00:18:00]} {[%emt 00:01:40]} Ke6 {[%clk 00:22:10]} {[%emt 00:00:22]} 46.
Ne4 {[%clk 00:16:59]} {[%emt 00:01:38]} h5 {[%clk 00:21:47]} {[%emt 00:00:30]}
47. Nc5+ {[%clk 00:16:38]} {[%emt 00:00:25]} Ke7 {[%clk 00:21:35]} {[%emt
00:00:18]} 48. Ne4 {[%clk 00:11:14]} {[%emt 00:05:27]} h4 {[%clk 00:20:54]}
{[%emt 00:00:49]} *

[Event "DVM U10 2023"]
[Site "Magdeburg GER"]
[Date "2023.12.27"]
[Round "2"]
[White "Szymaniak, Josh"]
[Black "El-Issa, Erik"]
[Result "0-1"]
[Termination "normal"]
[Board "14.3"]
[WhiteElo "775"]
[BlackElo "1143"]
[WhiteClock "00:48:14"]
[BlackClock "00:40:29"]
[WhiteTeam "SK Bremen-Nord"]
[BlackTeam "USV Potsdam"]
[PlyCount "76"]
[EventCountry "GER"]
[EventRounds "7"]
[EventType "team-swiss"]
[EventDate "2023.12.27"]

1. e4 {[%clk 00:55:08]} e5 {[%clk 00:55:06]} {[%emt 00:00:08]} 2. Nf3 {[%clk
00:55:09]} {[%emt 00:00:04]} Nc6 {[%clk 00:55:04]} {[%emt 00:00:07]} 3. Nc3
{[%clk 00:55:07]} {[%emt 00:00:07]} Nf6 {[%clk 00:55:00]} {[%emt 00:00:09]} 4.
Bb5 {[%clk 00:55:08]} {[%emt 00:00:05]} d6 {[%clk 00:54:57]} {[%emt 00:00:07]}
5. O-O {[%clk 00:54:58]} {[%emt 00:00:15]} Be7 {[%clk 00:54:55]} {[%emt
00:00:07]} 6. d3 {[%clk 00:54:59]} {[%emt 00:00:04]} O-O {[%clk 00:54:46]}
{[%emt 00:00:14]} 7. Bxc6 {[%clk 00:54:59]} {[%emt 00:00:06]} bxc6 {[%clk
00:54:42]} {[%emt 00:00:08]} 8. Be3 {[%clk 00:54:48]} {[%emt 00:00:16]} Bg4
{[%clk 00:53:41]} {[%emt 00:01:06]} 9. Bd2 {[%clk 00:54:44]} {[%emt 00:00:09]}
Rb8 {[%clk 00:53:18]} {[%emt 00:00:28]} 10. b3 {[%clk 00:54:39]} {[%emt
00:00:10]} Re8 {[%clk 00:51:30]} {[%emt 00:01:52]} 11. h3 {[%clk 00:54:37]}
{[%emt 00:00:08]} Bh5 {[%clk 00:51:01]} {[%emt 00:00:34]} 12. Be3 {[%clk
00:53:57]} {[%emt 00:00:45]} d5 {[%clk 00:50:34]} {[%emt 00:00:32]} 13. exd5
{[%clk 00:53:39]} {[%emt 00:00:23]} cxd5 {[%clk 00:49:46]} {[%emt 00:00:53]}
14. Bxa7 {[%clk 00:53:35]} {[%emt 00:00:09]} Ra8 {[%clk 00:49:34]} {[%emt
00:00:17]} 15. Be3 {[%clk 00:53:01]} {[%emt 00:00:39]} d4 {[%clk 00:49:22]}
{[%emt 00:00:17]} 16. Bxd4 {[%clk 00:53:01]} {[%emt 00:00:05]} exd4 {[%emt
00:00:10]} 17. Ne2 {[%emt 00:00:08]} Bxf3 {[%emt 00:00:18]} 18. gxf3 {[%emt
00:00:10]} Bb4 {[%clk 00:47:31]} {[%emt 00:00:37]} 19. h4 {[%clk 00:52:12]}
{[%emt 00:01:26]} c5 {[%clk 00:46:56]} {[%emt 00:00:41]} 20. Kh1 {[%clk
00:51:55]} {[%emt 00:00:22]} Qe7 {[%clk 00:46:44]} {[%emt 00:00:17]} 21. Rg1
{[%clk 00:51:31]} {[%emt 00:00:29]} Qe6 {[%clk 00:46:20]} {[%emt 00:00:29]} 22.
Rg2 {[%clk 00:51:19]} {[%emt 00:00:17]} Qxe2 {[%emt 00:00:27]} 23. Qxe2 {[%emt
00:00:06]} Rxe2 {[%clk 00:45:41]} {[%emt 00:00:11]} 24. Rag1 {[%clk 00:50:11]}
{[%emt 00:01:13]} g6 {[%clk 00:45:25]} {[%emt 00:00:22]} 25. Rg5 {[%clk
00:50:02]} {[%emt 00:00:13]} Rxa2 {[%emt 00:00:33]} 26. R5g2 {[%emt 00:00:28]}
Raxc2 {[%emt 00:00:12]} 27. Rd1 {[%emt 00:00:08]} Rxf2 {[%emt 00:00:25]} 28.
Rxf2 {[%emt 00:00:08]} Rxf2 {[%clk 00:43:25]} {[%emt 00:00:11]} 29. Kg1 {[%clk
00:49:49]} {[%emt 00:00:19]} Rxf3 {[%clk 00:43:13]} {[%emt 00:00:15]} 30. Kg2
{[%clk 00:49:34]} {[%emt 00:00:20]} Re3 {[%clk 00:42:51]} {[%emt 00:00:28]} 31.
Kh2 {[%clk 00:49:21]} {[%emt 00:00:18]} Nd5 {[%clk 00:42:28]} {[%emt 00:00:28]}
32. Kg2 {[%clk 00:49:11]} {[%emt 00:00:15]} Nf4+ {[%clk 00:42:10]} {[%emt
00:00:23]} 33. Kf2 {[%clk 00:48:59]} {[%emt 00:00:17]} Nxd3+ {[%clk 00:42:02]}
{[%emt 00:00:12]} 34. Kg2 {[%clk 00:48:55]} {[%emt 00:00:10]} Ne5 {[%emt
00:00:31]} 35. Kf2 {[%emt 00:00:25]} Kg7 {[%clk 00:40:57]} {[%emt 00:00:14]}
36. Kf1 {[%clk 00:48:31]} {[%emt 00:00:28]} Kf6 {[%clk 00:40:45]} {[%emt
00:00:17]} 37. Kf2 {[%clk 00:48:16]} {[%emt 00:00:19]} Kf5 {[%clk 00:40:42]}
{[%emt 00:00:10]} 38. Kf1 {[%clk 00:48:14]} {[%emt 00:00:07]} Rxb3 {[%clk
00:40:29]} {[%emt 00:00:17]} 0-1

[Event "DVM U10 2023"]
[Site "Magdeburg GER"]
[Date "2023.12.27"]
[Round "2"]
[White "Noll, Raphael"]
[Black "Willems, Lasse"]
[Result "1-0"]
[Termination "normal"]
[Board "15.1"]
[WhiteElo "1387"]
[BlackElo "1133"]
[WhiteClock "00:12:46"]
[BlackClock "00:13:54"]
[WhiteTeam "SK Marburg 1931/72"]
[BlackTeam "SC Ramstein-Miesenbach"]
[PlyCount "117"]
[WhiteFideId "34653228"]
[EventCountry "GER"]
[EventRounds "7"]
[EventType "team-swiss"]
[EventDate "2023.12.27"]

1. e4 {[%clk 00:55:08]} {[%emt 00:00:01]} e5 {[%clk 00:55:09]} {[%emt
00:00:01]} 2. Nf3 {[%clk 00:55:06]} {[%emt 00:00:08]} Nc6 {[%clk 00:55:11]}
{[%emt 00:00:03]} 3. d4 {[%clk 00:55:02]} {[%emt 00:00:09]} exd4 {[%clk
00:55:08]} {[%emt 00:00:08]} 4. Nxd4 {[%clk 00:54:56]} {[%emt 00:00:10]} Bc5
{[%clk 00:54:35]} {[%emt 00:00:38]} 5. Nxc6 {[%clk 00:54:14]} {[%emt 00:00:47]}
bxc6 {[%clk 00:54:31]} {[%emt 00:00:09]} 6. Qf3 {[%clk 00:51:18]} {[%emt
00:03:01]} Qf6 {[%clk 00:54:13]} {[%emt 00:00:24]} 7. Be2 {[%clk 00:50:05]}
{[%emt 00:01:18]} Qxf3 {[%clk 00:53:00]} {[%emt 00:01:17]} 8. Bxf3 {[%clk
00:49:56]} {[%emt 00:00:15]} d6 {[%clk 00:51:48]} {[%emt 00:01:17]} 9. O-O
{[%clk 00:49:08]} {[%emt 00:00:53]} Be6 {[%clk 00:51:22]} {[%emt 00:00:30]} 10.
Bf4 {[%clk 00:48:00]} {[%emt 00:01:13]} Ne7 {[%clk 00:50:56]} {[%emt 00:00:31]}
11. Nc3 {[%clk 00:47:02]} {[%emt 00:01:03]} Ng6 {[%clk 00:50:32]} {[%emt
00:00:29]} 12. Bg3 {[%clk 00:46:12]} {[%emt 00:00:56]} h5 {[%clk 00:49:47]}
{[%emt 00:00:49]} 13. h3 {[%clk 00:45:22]} {[%emt 00:00:55]} Rb8 {[%clk
00:47:10]} {[%emt 00:02:43]} 14. Rab1 {[%clk 00:41:14]} {[%emt 00:04:13]} h4
{[%clk 00:44:00]} {[%emt 00:03:15]} 15. Bh2 {[%clk 00:41:10]} {[%emt 00:00:09]}
Ne7 {[%clk 00:41:17]} {[%emt 00:02:47]} 16. b3 {[%clk 00:39:46]} {[%emt
00:01:29]} Rg8 {[%clk 00:40:24]} {[%emt 00:00:58]} 17. Ne2 {[%clk 00:37:53]}
{[%emt 00:01:58]} g5 {[%clk 00:39:50]} {[%emt 00:00:40]} 18. Bg4 {[%clk
00:37:05]} {[%emt 00:00:53]} Bxg4 {[%clk 00:39:20]} {[%emt 00:00:34]} 19. hxg4
{[%clk 00:37:00]} {[%emt 00:00:10]} Ng6 {[%clk 00:37:09]} {[%emt 00:02:16]} 20.
b4 {[%clk 00:35:38]} {[%emt 00:01:28]} Bb6 {[%clk 00:35:51]} {[%emt 00:01:23]}
21. c4 {[%clk 00:34:11]} {[%emt 00:01:32]} a6 {[%clk 00:35:29]} {[%emt
00:00:27]} 22. c5 {[%clk 00:33:46]} {[%emt 00:00:30]} dxc5 {[%clk 00:35:08]}
{[%emt 00:00:25]} 23. bxc5 {[%clk 00:33:39]} {[%emt 00:00:12]} Ba7 {[%clk
00:34:48]} {[%emt 00:00:25]} 24. Rxb8+ {[%clk 00:33:23]} {[%emt 00:00:21]} Bxb8
{[%clk 00:34:39]} {[%emt 00:00:14]} 25. Rb1 {[%clk 00:33:11]} {[%emt 00:00:16]}
Ke7 {[%clk 00:34:26]} {[%emt 00:00:19]} 26. Nd4 {[%clk 00:29:34]} {[%emt
00:03:42]} Kd7 {[%clk 00:33:07]} {[%emt 00:01:24]} 27. Rd1 {[%clk 00:28:00]}
{[%emt 00:01:39]} Nf4 {[%clk 00:27:31]} {[%emt 00:05:41]} 28. Nf5+ {[%clk
00:23:57]} {[%emt 00:04:08]} Ke8 {[%clk 00:26:57]} {[%emt 00:00:40]} 29. Nh6
{[%clk 00:21:43]} {[%emt 00:02:19]} Rg6 {[%clk 00:25:52]} {[%emt 00:01:09]} 30.
Rb1 {[%clk 00:21:00]} {[%emt 00:00:46]} Rxh6 {[%clk 00:24:38]} {[%emt
00:01:20]} 31. Rxb8+ {[%clk 00:21:00]} {[%emt 00:00:06]} Kd7 {[%clk 00:23:33]}
{[%emt 00:01:10]} 32. Bxf4 {[%clk 00:20:40]} {[%emt 00:00:26]} gxf4 {[%clk
00:23:33]} {[%emt 00:00:04]} 33. Ra8 {[%clk 00:20:35]} {[%emt 00:00:10]} Rg6
{[%clk 00:23:15]} {[%emt 00:00:23]} 34. Rxa6 {[%clk 00:20:02]} {[%emt
00:00:39]} Rxg4 {[%clk 00:23:05]} {[%emt 00:00:14]} 35. Ra3 {[%clk 00:19:28]}
{[%emt 00:00:40]} Ke6 {[%clk 00:20:08]} {[%emt 00:03:02]} 36. Rh3 {[%clk
00:19:05]} {[%emt 00:00:28]} Ke5 {[%clk 00:19:28]} {[%emt 00:00:44]} 37. f3
{[%clk 00:19:02]} {[%emt 00:00:09]} Rg8 {[%clk 00:19:18]} {[%emt 00:00:15]} 38.
Rxh4 {[%clk 00:18:37]} {[%emt 00:00:30]} Ra8 {[%clk 00:18:52]} {[%emt
00:00:31]} 39. Rh7 {[%clk 00:18:18]} {[%emt 00:00:24]} Ke6 {[%clk 00:18:36]}
{[%emt 00:00:20]} 40. Rh6+ {[%clk 00:18:10]} {[%emt 00:00:13]} Kd7 {[%clk
00:18:20]} {[%emt 00:00:22]} 41. Rf6 {[%emt 00:00:12]} Rxa2 {[%clk 00:18:11]}
{[%emt 00:00:13]} 42. Rxf7+ {[%clk 00:17:53]} {[%emt 00:00:16]} Kd8 {[%clk
00:17:49]} {[%emt 00:00:27]} 43. Rxf4 {[%clk 00:17:40]} {[%emt 00:00:18]} Ra5
{[%clk 00:17:23]} {[%emt 00:00:31]} 44. Rf5 {[%clk 00:17:35]} {[%emt 00:00:09]}
Ke7 {[%clk 00:17:17]} {[%emt 00:00:11]} 45. Kf2 {[%clk 00:17:09]} {[%emt
00:00:30]} Ke6 {[%clk 00:17:17]} {[%emt 00:00:07]} 46. g4 {[%clk 00:16:52]}
{[%emt 00:00:22]} Ra8 {[%clk 00:17:08]} {[%emt 00:00:14]} 47. g5 {[%clk
00:16:14]} {[%emt 00:00:43]} Ra2+ {[%clk 00:16:47]} {[%emt 00:00:25]} 48. Kg3
{[%clk 00:16:01]} {[%emt 00:00:14]} Ra1 {[%clk 00:16:50]} {[%emt 00:00:06]} 49.
Kg4 {[%clk 00:15:11]} {[%emt 00:00:56]} Rg1+ {[%clk 00:16:33]} {[%emt
00:00:22]} 50. Kh5 {[%clk 00:15:02]} {[%emt 00:00:12]} Rh1+ {[%clk 00:16:16]}
{[%emt 00:00:24]} 51. Kg6 {[%clk 00:15:01]} {[%emt 00:00:05]} Rh8 {[%clk
00:15:32]} {[%emt 00:00:50]} 52. Kg7 {[%clk 00:14:26]} {[%emt 00:00:40]} Re8
{[%clk 00:15:27]} {[%emt 00:00:10]} 53. f4 {[%clk 00:14:00]} {[%emt 00:00:31]}
Re7+ {[%clk 00:15:15]} {[%emt 00:00:17]} 54. Kg6 {[%clk 00:13:57]} {[%emt
00:00:08]} Kd7 {[%clk 00:14:51]} {[%emt 00:00:29]} 55. Rf7 {[%clk 00:13:44]}
{[%emt 00:00:17]} Rxf7 {[%clk 00:14:19]} {[%emt 00:00:38]} 56. Kxf7 {[%clk
00:13:41]} {[%emt 00:00:07]} Kc8 {[%clk 00:13:58]} {[%emt 00:00:26]} 57. g6
{[%clk 00:13:38]} {[%emt 00:00:09]} Kd8 {[%clk 00:13:54]} {[%emt 00:00:09]} 58.
g7 {[%clk 00:13:14]} {[%emt 00:00:29]} Kd7 {[%clk 00:13:54]} {[%emt 00:00:05]}
59. Kf6 {[%clk 00:12:46]} {[%emt 00:00:33]} 1-0